Größte Städte an der A2 auf einer Karte - Statistiken

Allgemein
  • Dieses Quiz wurde 80 mal gespielt
  • Das Durchschnittsergebnis liegt bei 8 aus 10
Antworten auf der Karte
Die Antworten werden auf der Karte rot bzw. grün angezeigt, abhängig davon wie oft sie richtig erraten wurden.
 
Antwortstatistiken
Einwohner Stadt % Korrekt
603.462 Dortmund
97%
522.131 Hannover
96%
244.329 Magdeburg
93%
252.962 Braunschweig
92%
331.605 Bielefeld
89%
267.930 Gelsenkirchen
86%
213.646 Oberhausen
71%
179.968 Hamm
67%
115.344 Recklinghausen
57%
118.535 Bottrop
51%
Keine übereinstimmenden Quizze gefunden
Verteilung der Resultate
Anzahl Personen mit jedem Resultat
Perzentil nach korrekt beantworteten Fragen
Ihre Resultats-Entwicklung
Sie haben dieses Quiz noch nicht gespielt